000 00510cam a2200193ua 4500
001 1373
008 110707n ii |||gr||||Z||||||eng
020 _a81-219-0664-4
040 _cMAIN
082 _a320.5
100 1 _aAgarwal, R. C.,
_eAuthor.
245 1 _aPolitical theory :
_bPrinciples of political science /
_cBy R. Agarwal
250 _a7th.
260 _aNe Delhi:
_bS. Chand & company,996.
300 _a558p:
_c23cm.
653 _aPolitical Science
653 _aPolitical theory
942 _cBK
999 _c1268
_d1268